World industry in 1980 : Regular issue of the biennial industrial development survey

সংরক্ষণ করুন:
গ্রন্থ-পঞ্জীর বিবরন
সংস্থা লেখক: United nations industrial development organization
বিন্যাস: গ্রন্থ
ভাষা:Undetermined
প্রকাশিত: New York United nations 1981
বিষয়গুলি:
ট্যাগগুলো: ট্যাগ যুক্ত করুন
কোনো ট্যাগ নেই, প্রথমজন হিসাবে ট্যাগ করুন!
Thư viện lưu trữ: Trung tâm Học liệu Trường Đại học Cần Thơ
LEADER 00631nam a2200193Ia 4500
001 CTU_86286
008 210402s9999 xx 000 0 und d
082 |a 338 
082 |b U58 
110 |a United nations industrial development organization 
245 0 |a World industry in 1980 : 
245 0 |b Regular issue of the biennial industrial development survey 
245 0 |c United nations industrial development organization 
260 |a New York 
260 |b United nations 
260 |c 1981 
650 |a Economic history,Industries,Manufactures 
904 |i Năm 
980 |a Trung tâm Học liệu Trường Đại học Cần Thơ